000 00744cab a2200265 4500
001 ABS56336
008 090401t1996 xxu||||| |||| 00| 0 eng d
035 _a(Sirsi) u22957
041 _aeng
100 _aDollamore, H
245 _aTreating stone with sensitivity
260 _c1996
350 _a0
490 _aFaculty of Building Journal
_vDecember 1996, 7-8(2)
520 _aConsiders the causes of the degradation of architectural masonry and the remedies available.
650 _aBUILDING CONSERVATION
650 _aDAMAGE
650 _aMASONRY
650 _aPOLLUTION
650 _aRESTORATION
650 _aBUILT ENVIRONMENT-BUILDING MATERIALS-STONE
690 _aCONSERVATION
942 _n0
948 _c04/03/1997
999 _c15393
_d15393